| 000 | 00529nam a22001697a 4500 | ||
|---|---|---|---|
| 005 | 20231106135843.0 | ||
| 008 | 231106b |||||||| |||| 00| 0 eng d | ||
| 020 | _a0409027421 | ||
| 041 | _aEnglish | ||
| 082 | _a346.5 ERA | ||
| 100 |
_aErasmus, HJ and De Waal, MJ _lEnglish |
||
| 245 |
_aThe South African Law of Succession / _cHJ Erasmus and MJ de Waal |
||
| 260 |
_aDurban : _bButterworths, _c1989 |
||
| 300 |
_bvi, 197 pages ; _c25 CM. |
||
| 650 |
_aLegal practice _bLaw |
||
| 942 |
_cBK _6ALISON_BN_VRIES |
||
| 999 |
_c329 _d329 |
||